<?xml version="1.0" encoding="UTF-8"?>
<record
    xmlns:xsi="http://www.w3.org/2001/XMLSchema-instance"
    xsi:schemaLocation="http://www.loc.gov/MARC21/slim http://www.loc.gov/standards/marcxml/schema/MARC21slim.xsd"
    xmlns="http://www.loc.gov/MARC21/slim">

  <leader>00343nam a22001337a 4500</leader>
  <datafield tag="999" ind1=" " ind2=" ">
    <subfield code="c">8003</subfield>
    <subfield code="d">8001</subfield>
  </datafield>
  <controlfield tag="005">20220329174957.0</controlfield>
  <controlfield tag="008">220329b           ||||| |||| 00| 0 eng d</controlfield>
  <datafield tag="100" ind1=" " ind2=" ">
    <subfield code="a">BCIT</subfield>
    <subfield code="9">7279</subfield>
  </datafield>
  <datafield tag="245" ind1=" " ind2=" ">
    <subfield code="a">INDIAN BAR REVIEW  [VOL-46] [1] 2019</subfield>
  </datafield>
  <datafield tag="260" ind1=" " ind2=" ">
    <subfield code="a">NEW DELHI</subfield>
    <subfield code="b">BAR COUNCIL OF INDIA TRUST</subfield>
    <subfield code="c">2019</subfield>
  </datafield>
  <datafield tag="300" ind1=" " ind2=" ">
    <subfield code="a">264;p</subfield>
  </datafield>
  <datafield tag="650" ind1=" " ind2=" ">
    <subfield code="a">LAW</subfield>
    <subfield code="9">5701</subfield>
  </datafield>
  <datafield tag="942" ind1=" " ind2=" ">
    <subfield code="c">JRL</subfield>
  </datafield>
  <datafield tag="952" ind1=" " ind2=" ">
    <subfield code="0">0</subfield>
    <subfield code="1">0</subfield>
    <subfield code="4">0</subfield>
    <subfield code="7">0</subfield>
    <subfield code="8">LAW</subfield>
    <subfield code="a">JRU</subfield>
    <subfield code="b">JRU</subfield>
    <subfield code="c">SHELF-33-D</subfield>
    <subfield code="d">2022-03-29</subfield>
    <subfield code="e">PURCHASE</subfield>
    <subfield code="g">16000.00</subfield>
    <subfield code="l">0</subfield>
    <subfield code="p">26812</subfield>
    <subfield code="r">2022-03-29 00:00:00</subfield>
    <subfield code="w">2022-03-29</subfield>
    <subfield code="y">JRL</subfield>
  </datafield>
  <datafield tag="952" ind1=" " ind2=" ">
    <subfield code="0">0</subfield>
    <subfield code="1">0</subfield>
    <subfield code="4">0</subfield>
    <subfield code="7">0</subfield>
    <subfield code="8">LAW</subfield>
    <subfield code="a">JRU</subfield>
    <subfield code="b">JRU</subfield>
    <subfield code="c">SHELF-33-D</subfield>
    <subfield code="d">2022-03-29</subfield>
    <subfield code="e">PURCHASE</subfield>
    <subfield code="g">16000.00</subfield>
    <subfield code="l">0</subfield>
    <subfield code="p">26813</subfield>
    <subfield code="r">2022-03-29 00:00:00</subfield>
    <subfield code="w">2022-03-29</subfield>
    <subfield code="y">JRL</subfield>
  </datafield>
  <datafield tag="952" ind1=" " ind2=" ">
    <subfield code="0">0</subfield>
    <subfield code="1">0</subfield>
    <subfield code="4">0</subfield>
    <subfield code="7">0</subfield>
    <subfield code="8">LAW</subfield>
    <subfield code="a">JRU</subfield>
    <subfield code="b">JRU</subfield>
    <subfield code="c">SHELF-33-D</subfield>
    <subfield code="d">2022-03-29</subfield>
    <subfield code="e">PURCHASE</subfield>
    <subfield code="g">16000.00</subfield>
    <subfield code="l">0</subfield>
    <subfield code="p">26814</subfield>
    <subfield code="r">2022-03-29 00:00:00</subfield>
    <subfield code="w">2022-03-29</subfield>
    <subfield code="y">JRL</subfield>
  </datafield>
  <datafield tag="952" ind1=" " ind2=" ">
    <subfield code="0">0</subfield>
    <subfield code="1">0</subfield>
    <subfield code="4">0</subfield>
    <subfield code="7">0</subfield>
    <subfield code="8">LAW</subfield>
    <subfield code="a">JRU</subfield>
    <subfield code="b">JRU</subfield>
    <subfield code="c">SHELF-33-D</subfield>
    <subfield code="d">2022-03-29</subfield>
    <subfield code="e">PURCHASE</subfield>
    <subfield code="g">16000.00</subfield>
    <subfield code="l">0</subfield>
    <subfield code="p">26815</subfield>
    <subfield code="r">2022-03-29 00:00:00</subfield>
    <subfield code="w">2022-03-29</subfield>
    <subfield code="y">JRL</subfield>
  </datafield>
  <datafield tag="952" ind1=" " ind2=" ">
    <subfield code="0">0</subfield>
    <subfield code="1">0</subfield>
    <subfield code="4">0</subfield>
    <subfield code="7">0</subfield>
    <subfield code="8">LAW</subfield>
    <subfield code="a">JRU</subfield>
    <subfield code="b">JRU</subfield>
    <subfield code="c">SHELF-33-D</subfield>
    <subfield code="d">2022-03-29</subfield>
    <subfield code="e">PURCHASE</subfield>
    <subfield code="g">16000.00</subfield>
    <subfield code="l">0</subfield>
    <subfield code="p">26816</subfield>
    <subfield code="r">2022-03-29 00:00:00</subfield>
    <subfield code="w">2022-03-29</subfield>
    <subfield code="y">JRL</subfield>
  </datafield>
  <datafield tag="952" ind1=" " ind2=" ">
    <subfield code="0">0</subfield>
    <subfield code="1">0</subfield>
    <subfield code="4">0</subfield>
    <subfield code="7">0</subfield>
    <subfield code="8">LAW</subfield>
    <subfield code="a">JRU</subfield>
    <subfield code="b">JRU</subfield>
    <subfield code="c">SHELF-33-D</subfield>
    <subfield code="d">2022-03-29</subfield>
    <subfield code="e">PURCHASE</subfield>
    <subfield code="g">16000.00</subfield>
    <subfield code="l">0</subfield>
    <subfield code="p">26817</subfield>
    <subfield code="r">2022-03-29 00:00:00</subfield>
    <subfield code="w">2022-03-29</subfield>
    <subfield code="y">JRL</subfield>
  </datafield>
  <datafield tag="952" ind1=" " ind2=" ">
    <subfield code="0">0</subfield>
    <subfield code="1">0</subfield>
    <subfield code="4">0</subfield>
    <subfield code="7">0</subfield>
    <subfield code="8">LAW</subfield>
    <subfield code="a">JRU</subfield>
    <subfield code="b">JRU</subfield>
    <subfield code="c">SHELF-33-D</subfield>
    <subfield code="d">2022-03-29</subfield>
    <subfield code="e">PURCHASE</subfield>
    <subfield code="g">16000.00</subfield>
    <subfield code="l">0</subfield>
    <subfield code="p">26818</subfield>
    <subfield code="r">2022-03-29 00:00:00</subfield>
    <subfield code="w">2022-03-29</subfield>
    <subfield code="y">JRL</subfield>
  </datafield>
  <datafield tag="952" ind1=" " ind2=" ">
    <subfield code="0">0</subfield>
    <subfield code="1">0</subfield>
    <subfield code="4">0</subfield>
    <subfield code="7">0</subfield>
    <subfield code="8">LAW</subfield>
    <subfield code="a">JRU</subfield>
    <subfield code="b">JRU</subfield>
    <subfield code="c">SHELF-33-D</subfield>
    <subfield code="d">2022-03-29</subfield>
    <subfield code="e">PURCHASE</subfield>
    <subfield code="g">16000.00</subfield>
    <subfield code="l">0</subfield>
    <subfield code="p">26819</subfield>
    <subfield code="r">2022-03-29 00:00:00</subfield>
    <subfield code="w">2022-03-29</subfield>
    <subfield code="y">JRL</subfield>
  </datafield>
  <datafield tag="952" ind1=" " ind2=" ">
    <subfield code="0">0</subfield>
    <subfield code="1">0</subfield>
    <subfield code="4">0</subfield>
    <subfield code="7">0</subfield>
    <subfield code="8">LAW</subfield>
    <subfield code="a">JRU</subfield>
    <subfield code="b">JRU</subfield>
    <subfield code="c">SHELF-33-D</subfield>
    <subfield code="d">2022-03-29</subfield>
    <subfield code="e">PURCHASE</subfield>
    <subfield code="g">16000.00</subfield>
    <subfield code="l">0</subfield>
    <subfield code="p">26820</subfield>
    <subfield code="r">2022-03-29 00:00:00</subfield>
    <subfield code="w">2022-03-29</subfield>
    <subfield code="y">JRL</subfield>
  </datafield>
  <datafield tag="952" ind1=" " ind2=" ">
    <subfield code="0">0</subfield>
    <subfield code="1">0</subfield>
    <subfield code="4">0</subfield>
    <subfield code="7">0</subfield>
    <subfield code="8">LAW</subfield>
    <subfield code="a">JRU</subfield>
    <subfield code="b">JRU</subfield>
    <subfield code="c">SHELF-33-D</subfield>
    <subfield code="d">2022-03-29</subfield>
    <subfield code="e">PURCHASE</subfield>
    <subfield code="g">16000.00</subfield>
    <subfield code="l">1</subfield>
    <subfield code="p">26821</subfield>
    <subfield code="r">2025-12-12 11:54:25</subfield>
    <subfield code="s">2025-12-12</subfield>
    <subfield code="w">2022-03-29</subfield>
    <subfield code="y">JRL</subfield>
  </datafield>
</record>
